Music Quiz

Random Music Quiz

Black Veil Brides- Youth And Whiskey Quiz Stats

 Plays Quiz not verified by Sporcle

Score 0/181 Timer 09:00
0 Plays Today
Lyrics % Correct
and
94.7%
and
94.7%
and
94.7%
and
94.7%
and
94.7%
and
94.7%
and
94.7%
and
94.7%
and
94.7%
and
94.7%
whiskey
93.8%
whiskey
93.8%
you
93.8%
you
93.8%
whiskey
93.8%
whiskey
93.8%
whiskey
93.8%
you
93.8%
you
93.8%
whiskey
93.8%
you
93.8%
you
93.8%
whiskey
93.8%
me
92.9%
Youth
92.9%
me
92.9%
me
92.9%
Youth
92.9%
me
92.9%
me
92.9%
me
92.9%
me
92.9%
Youth
92.9%
Youth
92.9%
me
92.9%
me
92.9%
Youth
92.9%
me
92.9%
me
92.9%
me
92.9%
me
92.9%
Youth
92.9%
me
92.9%
me
92.9%
me
92.9%
me
92.9%
Youth
92.9%
the
90.3%
the
90.3%
These
86.7%
in
86.7%
These
86.7%
in
86.7%
These
86.7%
These
86.7%
are
85.8%
who
85.8%
who
85.8%
who
85.8%
who
85.8%
who
85.8%
Lyrics % Correct
inside
83.2%
inside
83.2%
burning
81.4%
I
81.4%
I
81.4%
angels
81.4%
angels
81.4%
angels
81.4%
be
80.5%
Can
80.5%
Can
80.5%
Can
80.5%
Can
80.5%
Can
80.5%
Can
80.5%
liquid
79.6%
harmony
79.6%
words
78.8%
made
78.8%
see
78.8%
see
78.8%
made
78.8%
see
78.8%
see
78.8%
made
78.8%
see
78.8%
see
78.8%
made
78.8%
years
77.9%
what
77%
they
77%
They
77%
what
77%
they
77%
They
77%
what
77%
they
77%
They
77%
This
76.1%
from
76.1%
from
76.1%
This
76.1%
from
76.1%
from
76.1%
Spent
75.2%
is
75.2%
I'm
75.2%
I'm
75.2%
I'm
75.2%
wanna
74.3%
carry
74.3%
carry
74.3%
carry
74.3%
to
73.5%
strong
72.6%
strong
72.6%
strong
72.6%
hate
70.8%
lyrics
70.8%
for
69%
for
69%
Lyrics % Correct
dream
68.1%
those
66.4%
fast
63.7%
symphony
62.8%
a
61.9%
razor
61.9%
a
61.9%
a
61.9%
a
61.9%
grew
60.2%
blade
60.2%
history
59.3%
Hey
59.3%
hey
59.3%
Hey
59.3%
hey
59.3%
Hey
59.3%
hey
59.3%
Hey
59.3%
hey
59.3%
Lovers
59.3%
Hey
59.3%
hey
59.3%
Hey
59.3%
hey
59.3%
bastard's
58.4%
Fighters
58.4%
My
57.5%
Brothers
57.5%
smoke
56.6%
crazy
56.6%
gun
55.8%
taught
54.9%
loaded
54.9%
taught
54.9%
Bottles
54.9%
taught
54.9%
misery
54%
temple's
54%
behind
54%
living
54%
another
54%
No
53.1%
round
53.1%
moments
52.2%
baptized
51.3%
Liars
51.3%
left
50.4%
Celebrate
50.4%
Holy
50.4%
Stead
49.6%
sorrow
47.8%
blackout
45.1%
towards
43.4%
Mary
42.5%
speeding
40.7%
Throttles
38.1%
shot
33.6%
Cigaretts
31%

You're not logged in!

Compare scores with friends on all Sporcle quizzes.
OR
Log In

Sporcle TV

Today on Sporcle TV


Watch our educational content, quiz creation guides, and fun videos on Sporcle TV.

Show Comments

Extras

Created Jan 23, 2015ReportNominate
Tags:black, whiskey, youth

Top Quizzes Today


Score Distribution

Your Account Isn't Verified!

In order to create a playlist on Sporcle, you need to verify the email address you used during registration. Go to your Sporcle Settings to finish the process.

Report this User

Report this user for behavior that violates our Community Guidelines.

Details: